The Glory of Muhammad (P.B.U.H) (Record no. 7810)
[ view plain ]
| 000 -LEADER | |
|---|---|
| fixed length control field | 00391 a2200145 4500 |
| 040 ## - CATALOGING SOURCE | |
| Original cataloging agency | DLC |
| Language of cataloging | DLC |
| 082 ## - DEWEY DECIMAL CLASSIFICATION NUMBER | |
| Classification number | 297.63 |
| 100 ## - MAIN ENTRY--PERSONAL NAME | |
| Personal name | Mian Abid Ahmad |
| 245 ## - TITLE STATEMENT | |
| Title | The Glory of Muhammad (P.B.U.H) |
| Statement of responsibility, etc. | Mian Abid Ahmad |
| 260 ## - PUBLICATION, DISTRIBUTION, ETC. | |
| Place of publication, distribution, etc. | Lahore: |
| Name of publisher, distributor, etc. | Services Book Club, |
| Date of publication, distribution, etc. | 1996. |
| 300 ## - PHYSICAL DESCRIPTION | |
| Extent | 839 p. ; |
| Dimensions | 24 cm |
| 500 ## - GENERAL NOTE | |
| General note | Includes Index |
| 650 ## - SUBJECT ADDED ENTRY--TOPICAL TERM | |
| Topical term or geographic name entry element | Muhammad, prophet, d 632 |
| 942 ## - ADDED ENTRY ELEMENTS (KOHA) | |
| Koha item type | Book |
| Call number prefix | 297..63 MIA |
| Source of classification or shelving scheme | |
| Withdrawn status | Lost status | Source of classification or shelving scheme | Damaged status | Not for loan | Permanent Location | Current Location | Shelving location | Date acquired | Source of acquisition | Total Checkouts | Full call number | Barcode | Date last seen | Date last checked out | Price effective from | Koha item type |
|---|---|---|---|---|---|---|---|---|---|---|---|---|---|---|---|---|
| NUST Law School (NLS) | NUST Law School (NLS) | General Stacks | 12/13/2005 | Donation | 2 | 297.63 MIA | SEECS006756 | 03/26/2019 | 03/22/2019 | 01/05/2017 | Book | |||||
| NUST Law School (NLS) | NUST Law School (NLS) | 10/22/2023 | Donation | 297.63 MIA | CL-D-2499 | 10/22/2023 | 10/22/2023 | Book |
